<?xml version="1.0" encoding="UTF-8"?>
<record
    xmlns:xsi="http://www.w3.org/2001/XMLSchema-instance"
    xsi:schemaLocation="http://www.loc.gov/MARC21/slim http://www.loc.gov/standards/marcxml/schema/MARC21slim.xsd"
    xmlns="http://www.loc.gov/MARC21/slim">

  <leader>02747njm a2200433Ia 4500</leader>
  <controlfield tag="001">54483</controlfield>
  <controlfield tag="003">IT-RoPAU</controlfield>
  <controlfield tag="005">20220918181110.0</controlfield>
  <controlfield tag="008">131025s9999    xx            000 0 und d</controlfield>
  <datafield tag="040" ind1=" " ind2=" ">
    <subfield code="a">IT-RoPAU</subfield>
  </datafield>
  <datafield tag="040" ind1=" " ind2=" ">
    <subfield code="c">IT-RoPAU</subfield>
  </datafield>
  <datafield tag="041" ind1=" " ind2=" ">
    <subfield code="a">INGLESE</subfield>
  </datafield>
  <datafield tag="999" ind1=" " ind2=" ">
    <subfield code="c">98893</subfield>
    <subfield code="d">98893</subfield>
  </datafield>
  <datafield tag="999" ind1=" " ind2=" ">
    <subfield code="b">n.d.</subfield>
  </datafield>
  <datafield tag="100" ind1=" " ind2=" ">
    <subfield code="a">Santana Carlos</subfield>
    <subfield code="9">5239</subfield>
  </datafield>
  <datafield tag="100" ind1=" " ind2=" ">
    <subfield code="e">Autore musica</subfield>
    <subfield code="9">22818</subfield>
  </datafield>
  <datafield tag="100" ind1=" " ind2=" ">
    <subfield code="g">Codice autore musica SPICS: 11139</subfield>
    <subfield code="9">5241</subfield>
  </datafield>
  <datafield tag="245" ind1=" " ind2=" ">
    <subfield code="a">Freedom Santana (Lp Cbs 4503941)</subfield>
  </datafield>
  <datafield tag="250" ind1=" " ind2=" ">
    <subfield code="a">1a ed.</subfield>
  </datafield>
  <datafield tag="260" ind1=" " ind2=" ">
    <subfield code="a">HOLLAND</subfield>
  </datafield>
  <datafield tag="260" ind1=" " ind2=" ">
    <subfield code="b">CBS</subfield>
    <subfield code="c">1987 [1a Ed.:1986 - Ed. Lingua Orig.: 1986]</subfield>
  </datafield>
  <datafield tag="300" ind1=" " ind2=" ">
    <subfield code="a">DISCO</subfield>
  </datafield>
  <datafield tag="300" ind1=" " ind2=" ">
    <subfield code="c">49 minuti (Testo:  pag.)</subfield>
  </datafield>
  <datafield tag="500" ind1=" " ind2=" ">
    <subfield code="a">Musica rock.</subfield>
  </datafield>
  <datafield tag="505" ind1=" " ind2=" ">
    <subfield code="a">Veracruz [(C. Santana, G. Rolie, C. Thompson, J. Cohen, B. Miles) (5:00)] - She Can' Let Go [(C. Santana, T. Coster, A. Johnson, C. Lerios, J. Cohen) (5:00)] - Once It's Gotcha [(C. Santana, T. Coster, A. Johnson, C. Thompson, J. Cohen) (6:00)] - Love Is You [(C. Santana, C. Thompson) (4:00)] - Songs of Freedom [(C. Santana, C. Thompson, B. Miles, T. Coster) (5:00)] - Deeper, Dig Deeper [(C. Santana, C. Thompson, B. Miles, S. Crew) (5:00)] - Praise [(C. Santana, C. Thompson, S. Crew, B. Miles) (5:00)] - Mandela [(A. Peraza) (6:00)] - Before We Go [(C. Santana, J. Capaldi) (4:00)] - Victim of Circumstance [(C. Santana, C. Thompson, S. Crew, B. Miles, G. Rashid) (6:00)]</subfield>
  </datafield>
  <datafield tag="650" ind1=" " ind2=" ">
    <subfield code="a">ROCK [DISCHI]</subfield>
    <subfield code="e">Codice MATERIA SPICS: 9950</subfield>
    <subfield code="9">1088</subfield>
  </datafield>
  <datafield tag="700" ind1=" " ind2=" ">
    <subfield code="a">Santana Carlos</subfield>
    <subfield code="g">Codice interprete SPICS: 11139</subfield>
    <subfield code="e">Interprete</subfield>
    <subfield code="9">22819</subfield>
  </datafield>
  <datafield tag="700" ind1=" " ind2=" ">
    <subfield code="a">Rolie Gregg</subfield>
    <subfield code="g">Codice autore SPICS: 2305</subfield>
    <subfield code="e">Autore</subfield>
    <subfield code="p">Veracruz</subfield>
    <subfield code="9">22820</subfield>
  </datafield>
  <datafield tag="700" ind1=" " ind2=" ">
    <subfield code="a">Miles Buddy</subfield>
    <subfield code="g">Codice autore testo/musica SPICS: 20800</subfield>
    <subfield code="e">Autore testo/musica</subfield>
    <subfield code="p">Veracruz - Deeper, Dig Deeper - Praise</subfield>
    <subfield code="9">22821</subfield>
  </datafield>
  <datafield tag="700" ind1=" " ind2=" ">
    <subfield code="a">Lerios Cory</subfield>
    <subfield code="g">Codice autore SPICS: 20806</subfield>
    <subfield code="e">Autore</subfield>
    <subfield code="p">She Can' Let Go</subfield>
    <subfield code="9">22822</subfield>
  </datafield>
  <datafield tag="700" ind1=" " ind2=" ">
    <subfield code="a">Cohen Jeffrey</subfield>
    <subfield code="g">Codice autore testo/musica SPICS: 20803</subfield>
    <subfield code="e">Autore testo/musica</subfield>
    <subfield code="p">She Can' Let Go - Once It's Gotcha</subfield>
    <subfield code="9">22823</subfield>
  </datafield>
  <datafield tag="700" ind1=" " ind2=" ">
    <subfield code="a">Johnson Alphonso</subfield>
    <subfield code="g">Codice autore SPICS: 20804</subfield>
    <subfield code="e">Autore</subfield>
    <subfield code="p">Once It's Gotcha</subfield>
    <subfield code="9">22824</subfield>
  </datafield>
  <datafield tag="700" ind1=" " ind2=" ">
    <subfield code="a">Thompson Chester</subfield>
    <subfield code="g">Codice autore SPICS: 20798</subfield>
    <subfield code="e">Autore</subfield>
    <subfield code="p">Love Is You - Songs of Freedom - Praise</subfield>
    <subfield code="9">22825</subfield>
  </datafield>
  <datafield tag="700" ind1=" " ind2=" ">
    <subfield code="a">Coster Tom</subfield>
    <subfield code="g">Codice autore testo/musica SPICS: 20799</subfield>
    <subfield code="e">Autore testo/musica</subfield>
    <subfield code="p">Songs of Freedom</subfield>
    <subfield code="9">22826</subfield>
  </datafield>
  <datafield tag="700" ind1=" " ind2=" ">
    <subfield code="a">Crew S.</subfield>
    <subfield code="g">Codice autore testo/musica SPICS: 20805</subfield>
    <subfield code="e">Autore testo/musica</subfield>
    <subfield code="p">Deeper, Dig Deeper - Victim of Circumstance</subfield>
    <subfield code="9">22827</subfield>
  </datafield>
  <datafield tag="700" ind1=" " ind2=" ">
    <subfield code="a">Peraza Armando</subfield>
    <subfield code="g">Codice autore musica SPICS: 20801</subfield>
    <subfield code="e">Autore musica</subfield>
    <subfield code="p">Mandela</subfield>
    <subfield code="9">22828</subfield>
  </datafield>
  <datafield tag="700" ind1=" " ind2=" ">
    <subfield code="a">Capaldi Jim</subfield>
    <subfield code="g">Codice autore testo/musica SPICS: 18016</subfield>
    <subfield code="e">Autore testo/musica</subfield>
    <subfield code="p">Before We Go</subfield>
    <subfield code="9">22829</subfield>
  </datafield>
  <datafield tag="700" ind1=" " ind2=" ">
    <subfield code="a">Rashid G.</subfield>
    <subfield code="g">Codice autore testo/musica SPICS: 20802</subfield>
    <subfield code="e">Autore testo/musica</subfield>
    <subfield code="p">Victim of Circumstance</subfield>
    <subfield code="9">22830</subfield>
  </datafield>
  <datafield tag="942" ind1=" " ind2=" ">
    <subfield code="c">MD</subfield>
    <subfield code="2">ddc</subfield>
  </datafield>
  <datafield tag="952" ind1=" " ind2=" ">
    <subfield code="0">0</subfield>
    <subfield code="1">0</subfield>
    <subfield code="4">0</subfield>
    <subfield code="6">54483_000000000000000</subfield>
    <subfield code="7">1</subfield>
    <subfield code="a">SPICS</subfield>
    <subfield code="b">SPICS</subfield>
    <subfield code="d">2013-10-25</subfield>
    <subfield code="l">0</subfield>
    <subfield code="o">54483</subfield>
    <subfield code="r">2013-10-25 00:00:00</subfield>
    <subfield code="w">2013-10-25</subfield>
    <subfield code="y">MD</subfield>
    <subfield code="z">Progr. Ins.: 15345 / N.Vol.: 1 / Copie: 1 - Copia rara: n.d. / date import: 01.01.2014 - By Epidotti, Trombetti, Vaglietti</subfield>
  </datafield>
</record>
